LEADER 01026nam0-22003251i-450- 001 990005578800403321 005 20110914120030.0 035 $a000557880 035 $aFED01000557880 035 $a(Aleph)000557880FED01 035 $a000557880 100 $a19990604d1933----km-y0itay50------ba 101 0 $aita 105 $ay-------001yy 200 1 $aVite de'pittori, scultori ed architetti moderni$fscritte da Lione Pascoli 205 $aFacsimile dell'ed.: Roma, 1730 210 $aRoma$cE. Calzone$d1933 215 $a2 v.$d27 cm 225 1 $aOpere inedite o rare di storia dell'arte. R. Istituto d'archeologia e storia dell'arte 610 0 $aArtisti$aBiografie 676 $a709.22 700 1$aPascoli,$bLione$0215146 801 0$aIT$bUNINA$gRICA$2UNIMARC 901 $aBK 912 $a990005578800403321 952 $a709.22 PAS 1 (1)$bST. ARTE$fFLFBC 952 $a709.22 PAS 1 (2)$bST. ARTE$fFLFBC 959 $aFLFBC 996 $aVite de'pittori, scultori ed architetti moderni$9607679 997 $aUNINA LEADER 01067nam0-22003251i-450 001 990004810840403321 005 20180905112753.0 035 $aFED01000481084 035 $a(Aleph)000481084FED01 035 $a000481084 100 $a19990530d1955----km-y0itay50------ba 101 0 $aita$alat 102 $aIT 105 $ay-------001yy 200 1 $a<>certame dettatorio tra due notai pontifici (1260)$elettere inedite di Giordano da Terracina e di Giovanni da Capua$fPaolo Sambin 210 $aRoma$cEd. di Storia e Letteratura$d1955 215 $a62 p.$d25 cm 225 1 $aNote e discussioni erudite$v5 610 0 $aEpistolografia$aSec. 13.$aDocumenti 676 $a876.0308$v22$zita 700 1$aSambin,$bPaolo$0192332 702 0$aIohannes$cde Capua 702 0$aIordanus :$cde Terracina 801 0$aIT$bUNINA$gRICA$2UNIMARC 901 $aBK 912 $a990004810840403321 952 $aP2B 670 SAMBIN P. 1955$bFil. Mod. 31267$fFLFBC 959 $aFLFBC 996 $aCertame dettatorio tra due notai pontifici (1260$9518874 997 $aUNINA